Welcome to CU Library Online Public Access Catalogue (OPAC)

The vanishing newspaper : (Record no. 9660)

MARC details
000 -LEADER
fixed length control field 00874cam a22002534a 4500
001 - CONTROL NUMBER
control field 13651776
005 - DATE AND TIME OF LATEST TRANSACTION
control field 20260424153007.0
008 - FIXED-LENGTH DATA ELEMENTS--GENERAL INFORMATION
fixed length control field 040712s2004 moua b 001 0 eng
020 ## - INTERNATIONAL STANDARD BOOK NUMBER
International Standard Book Number 0826215610
Qualifying information alk. paper
020 ## - INTERNATIONAL STANDARD BOOK NUMBER
International Standard Book Number 0826215688
Qualifying information alk. paper
020 ## - INTERNATIONAL STANDARD BOOK NUMBER
International Standard Book Number 9780826215611
Qualifying information (alk. paper)
020 ## - INTERNATIONAL STANDARD BOOK NUMBER
International Standard Book Number 9780826215680
Qualifying information (alk. paper)
050 00 - LIBRARY OF CONGRESS CALL NUMBER
Classification number PN4867.2
Item number .M48 2004
082 00 - DEWEY DECIMAL CLASSIFICATION NUMBER
Classification number 071/.3
Edition information 22
100 1# - MAIN ENTRY--PERSONAL NAME
Personal name Meyer, Philip.
245 14 - TITLE STATEMENT
Title The vanishing newspaper :
Remainder of title saving journalism in the information age /
Statement of responsibility, etc. Philip Meyer.
260 ## - PUBLICATION, DISTRIBUTION, ETC.
Place of publication, distribution, etc. Columbia :
Name of publisher, distributor, etc. University of Missouri Press,
Date of publication, distribution, etc. c2004.
300 ## - PHYSICAL DESCRIPTION
Extent 269 p. :
Other physical details ill. ;
Dimensions 24 cm.
650 #0 - SUBJECT ADDED ENTRY--TOPICAL TERM
Topical term or geographic name entry element Journalism
Geographic subdivision United States.
650 #0 - SUBJECT ADDED ENTRY--TOPICAL TERM
Topical term or geographic name entry element Journalism
General subdivision Economic aspects
Geographic subdivision United States.
650 #0 - SUBJECT ADDED ENTRY--TOPICAL TERM
Topical term or geographic name entry element Newspapers.
856 41 - ELECTRONIC LOCATION AND ACCESS
Materials specified Table of contents
Uniform Resource Identifier <a href="http://www.loc.gov/catdir/toc/ecip0420/2004016121.html">http://www.loc.gov/catdir/toc/ecip0420/2004016121.html</a>
942 ## - ADDED ENTRY ELEMENTS (KOHA)
Source of classification or shelving scheme Library of Congress Classification
Koha item type Books
Suppress in OPAC No
999 ## -
-- 9660
-- 9660
Holdings
Withdrawn status Lost status Source of classification or shelving scheme Damaged status Not for loan Collection Home library Current library Shelving location Date acquired Total checkouts Full call number Barcode Date last seen Copy number Price effective from Koha item type
    Library of Congress Classification     Non-fiction Business Library (Miotso) Business Library (Miotso) General stacks 04/24/2026   PN4867.2 .M48 2004 BSSM00003961 04/24/2026 1 04/24/2026 Books
    Library of Congress Classification     Non-fiction Business Library (Miotso) Business Library (Miotso) General stacks 03/27/2026   PN4867.2 .M48 2004 BSSM00003924 04/24/2026 2 03/27/2026 Books
© 2023-2024 Copyright: Central University Libraries. All Rights Reserved | Created by: Mahone Tech Office